LEADER 00962nam 2200349 450 001 9910158807003321 005 20230803214436.0 010 $a1-78625-111-6 035 $a(CKB)3710000001011300 035 $a(MiAaPQ)EBC4808495 035 $a(EXLCZ)993710000001011300 100 $a20200109h20141916 uy 0 101 0 $aeng 135 $aurcnu|||||||| 181 $ctxt$2rdacontent 182 $cc$2rdamedia 183 $acr$2rdacarrier 200 10$aContemptible /$fAnon "Casualty" 210 1$a[Place of publication not identified] :$cPickle Partners Publishing,$d2014. 210 4$dİ1916 215 $a1 online resource (451 pages) 606 $aWorld War, 1914-1918$vPersonal narratives 615 0$aWorld War, 1914-1918 676 $a940.481 700 $aAnon$0815482 801 0$bMiAaPQ 801 1$bMiAaPQ 801 2$bMiAaPQ 906 $aBOOK 912 $a9910158807003321 996 $aContemptible$93415430 997 $aUNINA LEADER 03136nam 2200529 450 001 9910794615003321 005 20200806124632.0 010 $a1-119-10749-0 035 $a(CKB)4330000000000838 035 $a(JP-MeL)3000028620 035 $a(CaSebORM)9781119107477 035 $a(MiAaPQ)EBC4432157 035 $a(EXLCZ)994330000000000838 100 $a20160127d2016 uy| 0 101 0 $aeng 135 $aurcnu|||||||| 181 $2rdacontent 182 $2rdamedia 183 $2rdacarrier 200 10$aTriz for dummies /$fby Lilly Haines-Gadd 205 $aFirst edition. 210 1$aIndianapolis, IN :$cJohn Wiley & Sons, Incorporated,$d2016. 215 $a1 online resource (307 pages) $cillustrations 225 1 $aFor dummies 311 $a1-119-10747-4 327 $aGetting started with TRIZ -- Opening your TRIZ toolbox -- Thinking like a genius -- Understanding, defining and solving difficult problems with TRIZ -- The part of tens. 330 $aUse TRIZ to unlock creative problem solving Are you new to TRIZ and looking for an easy-to-follow guide on how you can use it to enhance your company's creativity, innovation and problem-solving abilities? Look no further! Written in plain English and packed with tons of accessible and easy-to-follow instruction, TRIZ For Dummies shows you how to use this powerful toolkit to discover all the ways of solving a problem, uncover new concepts and identify previously unseen routes for new product development. An international science that relies on the study of patterns in problems and solutions, TRIZ offers a powerful problem-solving and creativity-generating solution for companies looking to promote innovation, especially in the face of having to do more with less. Inside, you'll find out how to successfully apply this problem-solving toolkit to benefit from the experience of the whole world?not just the spontaneous and occasional creativity of individuals or groups of engineers with an organisation. Learn to think like a genius with TRIZ Discover the benefits of TRIZ as a tool for businesses Find fun and simple exercises for putting TRIZ into practise Benefit from industry examples of where TRIZ has worked?and how With the help of TRIZ For Dummies , you'll get the skills needed to see the wood for the trees and solve complex problems with creativity, ingenuity and innovation. 410 0$a--For dummies. 606 $aTRIZ theory$vHandbooks, manuals, etc 606 $aCreative thinking$vHandbooks, manuals, etc 606 $aInventions$vHandbooks, manuals, etc 606 $aEngineering$xMethodology$vHandbooks, manuals, etc 606 $aProblem solving$xMethodology$vHandbooks, manuals, etc 615 0$aTRIZ theory 615 0$aCreative thinking 615 0$aInventions 615 0$aEngineering$xMethodology 615 0$aProblem solving$xMethodology 676 $a658.4/03 700 $aHaines-Gadd$b Lilly$01575377 801 0$bMiAaPQ 801 1$bMiAaPQ 801 2$bMiAaPQ 906 $aBOOK 912 $a9910794615003321 996 $aTriz for dummies$93852307 997 $aUNINA